00329nam a2200121Ia 4500008004100000041000800041082001500049100002800064245002800092260004400120300003200164365001100196240624s9999 xx 000 0 und d aeng a658.15 KUP aKUPPAPALLY JELSY JOSEPH aACCOUNTING FOR MANAGERS c2009aNew DelhibPrentice-Hall of India axxii, : 605 : p. : cm. ; 23 cRSb35